| 000 | 00903nam a2200229Ia 4500 | ||
|---|---|---|---|
| 005 | 20250622124039.0 | ||
| 008 | 250616s9999||||xx |||||||||||||| ||ara|| | ||
| 017 |
_a2024/8/4504 _bالأردن. المكتبة الوطنية |
||
| 020 | _a9789923590768 | ||
| 082 | 0 | 4 |
_a"956,8" _bز خ |
| 100 | 0 | _aزيدان عبد الكافى كفافى | |
| 245 | 1 | 0 |
_aخواطر فى الآثار والتاريخ القديم / _cزيدان عبد الكافى كفافى ؛ تقديم هند غسان أبو الشعر |
| 250 | _aط1 | ||
| 260 | 3 |
_aعمان : _b"وزارة الثقافة،" _c2024. |
|
| 300 |
_a468ص : _bإيض ؛ _c24سم. |
||
| 490 | _aسلسلة فكر ومعرفة | ||
| 651 |
_aالأردن القديم _x تاريخ |
||
| 651 | _aدولة الأنباط | ||
| 700 | 0 |
_aهند غسان أبو الشعر _e مقدم |
|
| 942 | _cBK | ||
| 999 |
_c67713 _d67713 |
||